000 00240nam a2200097Ia 4500
001 644931
005 20250826153614.0
008 250824s9999 xx 000 0 und d
245 0 _aMektup Arkadaşı Aranıyor
_cHüsnan Şeker
260 _bALTIN
999 _c644931
_d644931